000 00588nam a22001817a 4500
005 20250919091346.0
008 250918b |||||||| |||| 00| 0 eng d
020 _a9798891615847
082 _aDC 959 C692 2025
100 _aCollins, Vernon.
_967748
245 _aHistory of southeast asia /
_cVernon Collins.
260 _aUSA :
_bAlexia Press,
_c©2025.
300 _aix, 295 pages :
_billustrations ;
_c26 cm.
500 _aIncludes bibliography and index.
650 0 _aSoutheast Asia
_vHistory.
_967861
650 0 _aSoutheast Asia
_xForeign relations.
_967862
942 _2ddc
_cDC
999 _c23837
_d23837